000 00639nam a2200205Ii 4500
003 JO-AjNU
008 230605s9999||||xx |||||||||||||| ||und||
040 _aJO-AjNU
_bara
_erda
_cJO-AjNU
041 _aara
050 1 4 _aBP172.G4 1965
100 3 _aالغزالي، محمد,
_eauthor
_915166
245 0 0 _aظلام من الغرب
250 _aط3
264 3 1 _aد.م: دار الكتب الحديثة، 1965
300 _a343ص
336 _atext
_btxt
_2rdacontent
337 _aunmediated
_bn
_2rdamedia
338 _avolume
_bnc
_2rdacarrier
650 4 _aالاسلام- دفع مطاعن- الاسلام والمسيحية
_915167
999 _aA4219
_c7787
_d7787